ជុំវិញសុខភាព និងសុវត្ថិភាព / (Record no. 1558)

MARC details
000 -LEADER
fixed length control field 01796nam a22003137a 4500
001 - CONTROL NUMBER
control field 1558
003 - CONTROL NUMBER IDENTIFIER
control field FISKH
005 - DATE AND TIME OF LATEST TRANSACTION
control field 20231002114244.0
008 - FIXED-LENGTH DATA ELEMENTS--GENERAL INFORMATION
fixed length control field 230906b cb ||||| |||| 00| 0 khr d
020 ## - INTERNATIONAL STANDARD BOOK NUMBER
International Standard Book Number 9789996305603
040 ## - CATALOGING SOURCE
Original cataloging agency FISKH
Language of cataloging eng
Transcribing agency FISKH
Modifying agency FISKH
082 ## - DEWEY DECIMAL CLASSIFICATION NUMBER
Classification number 613.71
100 ## - MAIN ENTRY--PERSONAL NAME
Personal name Anonymous
245 ## - TITLE STATEMENT
Title ជុំវិញសុខភាព និងសុវត្ថិភាព /
250 ## - EDITION STATEMENT
Edition statement បោះពុម្ពលើកទី៥ មករា ២០២២
260 ## - PUBLICATION, DISTRIBUTION, ETC.
Place of publication, distribution, etc. Phnom Penh :
Name of publisher, distributor, etc. Sipar,
Date of publication, distribution, etc. 2022.
300 ## - PHYSICAL DESCRIPTION
Extent 48 pages :
Other physical details color illustrations ;
Dimensions 29 cm
490 ## - SERIES STATEMENT
Series statement បំនិនជីវិត​
505 ## - FORMATTED CONTENTS NOTE
Formatted contents note Z'<br/><br/>
520 ## - SUMMARY, ETC.
Summary, etc. បង្ហាញពីគន្លឹះសំខាន់ៗ ក្នុងការរក្សាសុខភាព និងសុវត្ថិភាព រួមមាន ៖ អនាម័យម្ហូបអាហារ សុខភាពរាងកាយ សុខភាពផ្លូវចិត្ត វិធានការការពារជំងឺឆ្លង និងការការពារពីគ្រោះថ្នាក់ផ្សេងៗ ដែលកើតឡើងជាយថាហេតុ។
520 ## - SUMMARY, ETC.
Summary, etc. Highlight the key to maintaining health and safety, including: hygiene, food, physical health, mental health, measures to prevent infectious diseases and prevention of various accidents that may occur.
521 8# - TARGET AUDIENCE NOTE
Target audience note 1120<br/>
Source Lexile estimate <br/>
521 8# - TARGET AUDIENCE NOTE
Target audience note Z' <br/>
Source Raz-Plus <br/><br/>
650 ## - SUBJECT ADDED ENTRY--TOPICAL TERM
Topical term or geographic name entry element សុខភាព
Form subdivision សុវត្ថិភាព
General subdivision អនាម័យ
Chronological subdivision ការការពារ
650 ## - SUBJECT ADDED ENTRY--TOPICAL TERM
Topical term or geographic name entry element Health
Form subdivision Safety
General subdivision Hygiene
Chronological subdivision Protection
700 ## - ADDED ENTRY--PERSONAL NAME
Personal name Visoth, Seng
Relator term illustrator
700 ## - ADDED ENTRY--PERSONAL NAME
Personal name Ratha, Ouk
Relator term illustrator
942 ## - ADDED ENTRY ELEMENTS (KOHA)
Source of classification or shelving scheme Dewey Decimal Classification
Koha item type Books
Suppress in OPAC No
Holdings
Withdrawn status Lost status Source of classification or shelving scheme Damaged status Not for loan Collection Home library Current library Shelving location Date acquired Total Checkouts Full call number Barcode Date last seen Date last checked out Copy number Price effective from Koha item type
    Dewey Decimal Classification     Khmer Non-Fiction / សៀវភៅខ្មែរ រឿងពិត Footprints International School Library Network Toul Kork Campus Footprints International School Library Network Toul Kork Campus   09/07/2023 2 ANO 613.71 2023-0514 06/30/2025 06/30/2025 1 09/07/2023 Books
    Dewey Decimal Classification     Khmer Non-Fiction / សៀវភៅខ្មែរ រឿងពិត Footprints International School Library Network Toul Kork Campus Footprints International School Library Network Toul Kork Campus   09/07/2023   ANO 613.71 2023-0515 09/07/2023   2 09/07/2023 Books